| 000 | 00598nam a2200181 a 4500 | ||
|---|---|---|---|
| 005 | 20140412111322.0 | ||
| 008 | 010323s19uu xx 00 eng d | ||
| 020 | _a0-7853-1337-0 | ||
| 050 |
_aER _bPo75 1995 |
||
| 100 | _aWolf, Conor | ||
| 245 |
_aPocahontas: forest friends. / _cwritten by Conor Wolf; illustrated by DiCicco Digital Arts with Andrew Philipson, backgrounds. |
||
| 260 |
_aLincolnwood, Illinois : _bPublications International, Ltd, _c1995. |
||
| 300 | _a1 v. (unp.) ; ill. | ||
| 440 | _aDisney's | ||
| 650 | _aForest - Fiction | ||
| 650 | _aForest - Stories | ||
| 999 |
_c104436 _d104436 |
||